Many Voices, Many Worlds: (Record no. 183177)

MARC details
000 -LEADER
fixed length control field 00677 a2200205 4500
005 - DATE AND TIME OF LATEST TRANSACTION
control field 20211220102900.0
010 ## - LCCN (DPL NO)
LC control number ENG-130407
020 ## - INTERNATIONAL STANDARD BOOK NUMBER
International Standard Book Number 978-93-91138-46-2
Terms of availability 1395.00
035 ## - SYSTEM CONTROL NUMBER
System control number EN-113939
037 ## - SOURCE OF ACQUISITION
Source of stock number/acquisition DBAD/PUB
082 ## - DEWEY DECIMAL CLASSIFICATION NUMBER
Classification number 302.230954
Item number 1
245 ## - TITLE STATEMENT
Title Many Voices, Many Worlds:
Remainder of title Critical Perspectives on Community Media in India /
260 ## - PUBLICATION, DISTRIBUTION, ETC. (IMPRINT)
Place of publication, distribution, etc India
Name of publisher, distributor, etc Sage Publications Pvt Ltd.
Date of publication, distribution, etc 2021
270 ## - ADDRESS
Address BI/I-I Mohan Cooperative Industrial Area Mathura Road
City New Delhi
Postal code 110044
300 ## - PHYSICAL DESCRIPTION
Extent 342p.
Dimensions 22cm (hb)
Other physical details index.
700 ## - ADDED ENTRY--PERSONAL NAME
Personal name Faiz Ullah
700 ## - ADDED ENTRY--PERSONAL NAME
Personal name Anjali Monteiro
700 ## - ADDED ENTRY--PERSONAL NAME
Personal name K.P. Jayasankar
942 ## - ADDED ENTRY ELEMENTS (KOHA)
Institution code [OBSOLETE] dpl
Item type English Books
Source of classification or shelving scheme Dewey Decimal Classification
Classification part 302.230954
Call number suffix MAN
Holdings
Withdrawn status Lost status Not for loan Collection code Home library Current library Date acquired Source of acquisition Cost, normal purchase price Full call number Barcode Copy number Cost, replacement price Koha item type
      Non-fiction Mobile Library Mobile Library 20/12/2021 DBAD/PUB 1395.00 302.230954 MAN EN-113939 1 1395.00 English Books

© Delhi Public Library
Hit Counter
free hit counter